Zita Barčiaková

Bibliographic Details
Main Author: Doricová, Dana (Author)
Format: Article
Language:Slovak
PhysicalDescription:Obr.
Subjects:

MARC

LEADER 00000nab a2200000 a 4500
001 vtls009186823
003 SK-MaSNL
005 20260304151304.0
008 250506c1976 xo |r|p|||||||000 b|slo
015 |a SNBRB1976 
035 |a (uuid)16725016-43c0-439e-b28b-b9a0aa83d297 
035 |a urn:nbn:sk:snk-ab11wi 
035 |a (urnnbn)urn:nbn:sk:snk:ar-00530q 
038 |a SNKBUCL 
040 |a SNKBUCL  |b slo  |c SNKBUCL  |e AACR2 
041 0 |a slo 
044 |a xo  |c SK 
080 |a 75.071.1  |2 1997 
100 1 |a Doricová, Dana  |4 aut  |9 232058 
245 1 0 |a Zita Barčiaková  |c Dana Doricová 
300 |b Obr. 
600 1 7 |a Barčiaková, Zita,  |d 1945-  |2 snkbucl  |9 38717 
773 0 |t Výtvarný život  |g Roč. 21, č. 9 (1976), s. 44 
850 |a Slovenská národná knižnica 
852 |a Slovenská národná knižnica 
954 |a odborná, vedecká literatúra pôvodná (slovenská)  |2 lita 
958 |a article2022 
958 |a BX 
958 |a OND 
958 |a EUIPO 
999 |c 2942683  |d 2944613